000
00246nam a22001097a 4500
082
_a
621.3192 BRO'B
100
_a
BROCKES, A. M. P
_9
78945
245
_a
BASIC ELECTRIC CIRCUITS
260
_a
OXFORD
_b
PERGMAN
_c
1963
300
_a
134P
942
_c
BK
999
_c
584016
_d
584016